书目信息 |
| 题名: |
从甲午到抗战
|
|
| 作者: | 唐德刚 著 | |
| 分册: | ||
| 出版信息: | 北京 台海出版社 2016 |
|
| 页数: | 270页 | |
| 开本: | 24cm | |
| 丛书名: | 传记文学书系 | |
| 单 册: | ||
| 中图分类: | K256.307 | |
| 科图分类: | ||
| 主题词: | 中日甲午战争--文集 , 抗日战争史--中国--文集 | |
| 电子资源: | ||
| ISBN: | 978-7-5168-0961-7 | |
| 000 | 01313oam2 2200277 45 | |
| 001 | 012001000957 | |
| 005 | 20140920091302.0 | |
| 010 | @a978-7-5168-0961-7@dCNY45.00 | |
| 100 | @a20160826d2016 em y0chiy50 ea | |
| 101 | 0 | @achi |
| 102 | @aCN@b110000 | |
| 105 | @ay z 000yy | |
| 106 | @ar | |
| 200 | 1 | @a从甲午到抗战@9Cong Jia Wu Dao Kang Zhan@f唐德刚等著 |
| 210 | @a北京@c台海出版社@d2016 | |
| 215 | @a270页@d24cm | |
| 225 | 1 | @a传记文学书系@f彭明哲,曾德明主编 |
| 314 | @a唐德刚 (1920-2009),国立中央大学(重庆)历史系学士,美国哥伦比亚大学(纽约)硕士、博士。曾先后任职于省立安徽学院、哥伦比亚大学、纽约市立大学,长期从事历史研究与教学工作。著有《从晚清到民国》《袁氏当国》《段祺瑞政权》《李宗仁回忆录》《胡适口述自传》《胡适杂忆》《史学与红学》《书缘与人缘》《五十年代的尘埃》《战争与爱情》等,作品包括历史、政论、文艺小说多种,及诗歌、杂文数百篇。 | |
| 330 | @a本书辑录了唐德刚、吴相湘等史学大家关于两次中日战争的重要文章,其中唐德刚关于“汪精卫投敌始末”的系列长文首度在国内结集出版,带读者在历史深处反思两次中日战争中中国之得失。 | |
| 461 | 0 | @12001 @a传记文学书系 |
| 606 | 0 | @a中日甲午战争@j文集 |
| 606 | 0 | @a抗日战争史@y中国@j文集 |
| 690 | @aK256.307@v5 | |
| 701 | 0 | @a唐德刚@9Tang De Gang@f(1920-2009)@4著 |
| 801 | 0 | @aCN@b上海新华@c20180901 |
| 905 | @b1042615-19@dK256.307@e61@f5 | |
| 从甲午到抗战/唐德刚等著.-北京:台海出版社,2016 |
| 270页;24cm.-(传记文学书系/彭明哲,曾德明主编) |
| ISBN 978-7-5168-0961-7:CNY45.00 |
| 本书辑录了唐德刚、吴相湘等史学大家关于两次中日战争的重要文章,其中唐德刚关于“汪精卫投敌始末”的系列长文首度在国内结集出版,带读者在历史深处反思两次中日战争中中国之得失。 |
| ● |
| 相关链接 |
|
|
|
|
正题名:从甲午到抗战
索取号:K256.307/61
 
预约/预借
| 序号 | 登录号 | 条形码 | 馆藏地/架位号 | 状态 | 备注 |
| 1 | 1042615 | 210426154 | 第二样本阅览室/ [索取号:K256.307/61] | 在馆 | |
| 2 | 1042616 | 210426163 | 第二借阅区/ [索取号:K256.307/61] | 在馆 | |
| 3 | 1042617 | 210426172 | 第二借阅区/ [索取号:K256.307/61] | 在馆 | |
| 4 | 1042618 | 210426181 | 第二借阅区/ [索取号:K256.307/61] | 在馆 | |
| 5 | 1042619 | 210426190 | 密集书库-史法系/ [索取号:K256.307/61] | 在馆 |